000 00547nam a22001817a 4500
005 20180714175231.0
010 _aA-423690
035 _aA-423690
037 _bBPPD/PUB
082 _a615.53
100 _aBell James B.
245 _ahomoeopathic therapeutics of Diarrhoea /
_cby James B. Bell
260 _aNew Delhi
_bB. Jain Publishers (P) Ltd.
_c1990
270 _a1921, Street no.10 Chuna Mandi Paharganj
_bNew Delhi
300 _a316p.
_c22cm (HB)
500 _aIncludes Index.
942 _2ddc
_cEN
_h615.53
_mBEL
999 _c154064
_d154064